000 01038nam0a2200301 4500
001 RU\NLR\ONL2\27871
005 20260406061900.0
035 _a(NLR Aleph) 010214825
090 _a10291613
_c10291613
100 _a20130830d2001 |||y0rusy50 ca
101 0 _aalt
_brus
_cara
102 _aRU
105 _ay |||||||||
200 9 _aИслам: jӱрӱмниҥ бастыратекши ээжиси
_fАхмад Фарид Мустафа
210 _aМ.
_cб. и.
_d2001
215 _a31 с.
_d20
300 _aНа обл. авт. не указан
320 _aБиблиогр.: с. 30 (7 назв.)
541 1 _aИслам - всеобъемлющий образ жизни
_zrus
606 1 _aИслам
_91049283
_3RU\NLR\AUTH\6687295
686 1 _aЭ38
700 1 _4070
_8rus
_7ca
_aМустафа
_bА.Ф.
_gАхмад Фарид
_3RU\NLR\AUTH\7712084
_9121815
801 0 _aRU
_bNLR
_c20130830
_gPSBO
852 _aNLR
_bОНЛ
_jАлт./2-923
942 _cBOOK
980 _aNB
980 _aONL_RF